00581nam a2200193Ia 4500003000400000008004100004040001600045082001900061100002200080245010000102260006500202300001100267490000500278650001700283650001700300650002100317650001700338650003200355GCL140319s9999 xx 000 0 ara d aGCL / cGCL04a301.426bم ت1 aمحمد شفيق10aالتشريعات الاجتماعية ( العمالة الاسرية ) / cمحمد شفيق a[S.N] : bالمكتب الجامعى الحديث ، c1986 a255 ص a04aالاسرة04aالزواج04aالاجتماع04aالخطبة04aالحقوق الزوجية